沖縄県にあるものドボンクイズ - Statistics

General Stats
  • This quiz has been taken 196 times
  • The average score is 5 of 26
Answers on the Grid
Answers color-coded by a green-red scale on the quiz's grid according to % correct below.
セブンイレブン
松屋
ロフト
スリーコインズ
サイゼリヤ
ジョナサン
デニーズ
ジョイフル
ココス
はま寿司
かっぱ寿司
鳥貴族
餃子の王将
バーミヤン
コメダ珈琲店
ビックカメラ
アニメイト
カルディ
バーガーキング
ゴンチャ
トマトオニオン
大戸屋
リンガーハット
はなまるうどん
ピザーラ
ウエルシア
マツモトキヨシ
コメリ
業務スーパー
ドン・キホーテ
しまむら
東京靴流通センター
カラオケ館
東進ハイスクール
マルハン
QBハウス
 
Answer Stats
Answer % Correct
セブンイレブン
59%
ドン・キホーテ
49%
松屋
33%
コメダ珈琲店
31%
アニメイト
30%
はま寿司
26%
マツモトキヨシ
25%
しまむら
25%
ピザーラ
21%
東進ハイスクール
21%
東京靴流通センター
18%
ココス
17%
バーガーキング
17%
はなまるうどん
15%
ゴンチャ
14%
業務スーパー
14%
ジョイフル
13%
ビックカメラ
13%
リンガーハット
13%
鳥貴族
12%
大戸屋
12%
カルディ
11%
QBハウス
11%
ロフト
10%
スリーコインズ
10%
トマトオニオン
1%
No matching quizzes found
Score Distribution
Percent of People with Each Score
Percentile by Number Answered
Your Score History
You have not taken this quiz